00804 a2200181 4500020001500000040001300015082001300028100002700041245026700068260003500335300003600370440004300406500005500449650004400504650003200548700002000580700002200600 a1580536107 aDLCbDLC00a621.38221 aManolakis, Dimitris G.10aStatistical and adaptive signal processing: spectral estimation, signal modeling, adaptive filtering, and array processing bspectral estimation, signal modeling, adaptive filtering, and array processing cDimitris G. Manolakis, Vinay K. Ingle, Stephen M. Kogon. aBoston :bArtech House,c2005. axviii, 796 p. :bill. ;c26 cm. 0aArtech House signal processing library aOriginally published: Boston : McGraw-Hill, c2000. 0aSignal processingxStatistical methods. 0aAdaptive signal processing.1 aIngle, Vinay K.1 aKogon, Stephen M.